[Event "XI Weekend Nervi"]
[Site "Genova ITA"]
[Date "2004.01.31"]
[Round "5"]
[White "Cirabisi, Federico"]
[Black "Rodriguez Alvarez, Alan"]
[Result "1-0"]
[WhiteElo "2095"]
[BlackElo "2070"]
[PlyCount "73"]
[EventDate "2004.01.24"]

1. d4 Nf6 2. e3 g6 3. Bd3 d6 4. f4 Bg4 5. Nf3 Nc6 6. O-O Bg7 7. Qe1 O-O 8. c3
e5 9. e4 Nh5 10. d5 Ne7 11. fxe5 Bxf3 12. Rxf3 dxe5 13. g4 Nf4 14. Bxf4 exf4
15. Nd2 Qd6 16. Qh4 g5 17. Qxg5 Ng6 18. Nc4 Qc5+ 19. Kh1 a5 20. Raf1 b5 21. Nd2
Rae8 22. Nb3 Qb6 23. Qh5 Re5 24. g5 h6 25. h4 Rd8 26. Nd4 hxg5 27. hxg5 f6 28.
Ne6 Rxg5 29. Nxg5 fxg5 30. Qxg5 Rf8 31. Rg1 Qf6 32. Qxg6 Qh4+ 33. Kg2 Rf6 34.
Qe8+ Bf8 35. e5 Rf7 36. Kf1+ Rg7 37. Qe6+ 1-0

[Event "XI Weekend Nervi"]
[Site "Genova ITA"]
[Date "2004.01.31"]
[Round "6"]
[White "Rodriguez Alvarez, Alan"]
[Black "Brun, Dario"]
[Result "1-0"]
[WhiteElo "2070"]
[BlackElo "1600"]
[PlyCount "71"]
[EventDate "2004.01.24"]

1. e4 e5 2. Nf3 Nc6 3. Bb5 a6 4. Ba4 Nf6 5. O-O Be7 6. Re1 b5 7. Bb3 d6 8. c3
O-O 9. h3 Bb7 10. d4 Re8 11. Nbd2 h6 12. Nf1 Bf8 13. Ng3 g6 14. Nh2 Qe7 15. f4
Rad8 16. f5 Kh7 17. Rf1 Bc8 18. a4 Bg7 19. axb5 axb5 20. d5 Nb8 21. Ra7 Na6 22.
Bc2 Rd7 23. Ra8 Bb7 24. Ra7 Bc8 25. Ra8 Bb7 26. Rxe8 Qxe8 27. Ng4 Nxg4 28. hxg4
Qe7 29. Qf3 Qd8 30. f6 Bf8 31. Kf2 g5 32. Rh1 Kg8 33. Bxg5 Bg7 34. Qf5 Bc8 35.
Rxh6 Bxf6 36. Bxf6 1-0

[Event "XI Weekend Nervi"]
[Site "Genova ITA"]
[Date "2004.02.01"]
[Round "8"]
[White "Cirabisi, Federico"]
[Black "Antonelli, Cristian"]
[Result "1-0"]
[WhiteElo "2095"]
[BlackElo "1729"]
[PlyCount "27"]
[EventDate "2004.01.24"]

1. e4 c5 2. Nc3 Nc6 3. f4 d6 4. Nf3 a6 5. Bc4 Bg4 6. Bxf7+ Kxf7 7. Ng5+ Ke8 8.
Qxg4 Nf6 9. Qd1 Qd7 10. f5 h6 11. Ne6 Nd4 12. Nd5 Nxe6 13. fxe6 Qc6 14. Qf3 1-0

[Event "XI Weekend Nervi"]
[Site "Genova ITA"]
[Date "2004.02.01"]
[Round "8"]
[White "Rodriguez Alvarez, Alan"]
[Black "Pedemonte, Claudio"]
[Result "1-0"]
[WhiteElo "2070"]
[BlackElo "1957"]
[PlyCount "53"]
[EventDate "2004.01.24"]

1. d4 Nf6 2. c4 e6 3. Nc3 Bb4 4. Qc2 O-O 5. Nf3 b6 6. Bg5 Bb7 7. e3 d5 8. Bd3
g6 9. cxd5 exd5 10. h4 Be7 11. Bh6 Re8 12. h5 Ne4 13. O-O-O Bf6 14. hxg6 hxg6
15. Ne5 Bxe5 16. dxe5 Qe7 17. f3 Nxc3 18. bxc3 Nd7 19. Bxg6 Nxe5 20. Bh7+ Kh8
21. Rd4 c5 22. Qf5 cxd4 23. Bg5 Nd3+ 24. Kb1 Qxg5 25. Bg8+ Kg7 26. Qxg5+ Kf8
27. Rh8 1-0

[Event "Weekend A Epifania"]
[Site "Torino ITA"]
[Date "2004.01.??"]
[Round "2"]
[White "Faraoni, Enrico"]
[Black "Giacometto, Mario"]
[Result "1-0"]
[WhiteElo "2164"]
[BlackElo "1807"]
[PlyCount "71"]
[EventDate "2004.01.03"]

1. d4 g6 2. e4 Bg7 3. Nc3 d6 4. f4 Nf6 5. Be3 Ng4 6. Qd2 Nd7 7. Nf3 Nxe3 8.
Qxe3 c5 9. O-O-O cxd4 10. Nxd4 a6 11. Bc4 b5 12. Bd5 Rb8 13. Nc6 Qb6 14. Qg3
Rb7 15. e5 Rc7 16. Nxe7 b4 17. Ne4 dxe5 18. Nxc8 Rxc8 19. Nd6+ Ke7 20. Nxc8+
Rxc8 21. Rhe1 Qc7 22. Bb3 Kf8 23. Qd3 Nc5 24. Qd6+ Qxd6 25. Rxd6 Bh6 26. Kb1
exf4 27. Bd5 Bg5 28. Rb6 a5 29. Rb5 Bd8 30. Rf1 f5 31. Rxf4 Kg7 32. Rc4 Be7 33.
Rxa5 Re8 34. a3 bxa3 35. Raxc5 Bxc5 36. Rxc5 1-0

[Event "Weekend A Epifania"]
[Site "Torino ITA"]
[Date "2004.01.??"]
[Round "2"]
[White "Ferrario, Enrico"]
[Black "Fassio, Luca"]
[Result "0-1"]
[WhiteElo "1779"]
[BlackElo "2123"]
[PlyCount "60"]
[EventDate "2004.01.03"]

1. d4 g6 2. Bf4 Bg7 3. Nf3 d6 4. h3 Nf6 5. e3 O-O 6. Bd3 Nc6 7. c3 Ne8 8. O-O
e5 9. Bh2 Qe7 10. d5 Nd8 11. e4 f5 12. Bg3 f4 13. Bh4 Bf6 14. Bxf6 Nxf6 15.
Nbd2 Nf7 16. Re1 g5 17. Kf1 h5 18. Ke2 g4 19. Nh4 Kg7 20. Nf5+ Bxf5 21. exf5
Nxd5 22. hxg4 hxg4 23. Qb3 c6 24. Be4 Nf6 25. Rad1 d5 26. Bb1 e4 27. c4 Nh6 28.
cxd5 cxd5 29. f3 Nxf5 30. fxe4 Nd4+ 0-1

[Event "Weekend A Epifania"]
[Site "Torino ITA"]
[Date "2004.01.??"]
[Round "2"]
[White "Vozza, Nicola"]
[Black "Profumo, Alberto"]
[Result "1/2-1/2"]
[WhiteElo "1807"]
[BlackElo "2242"]
[PlyCount "84"]
[EventDate "2004.01.03"]

1. d4 Nf6 2. c4 g6 3. Nc3 Bg7 4. e4 d6 5. f3 c6 6. Be3 Nbd7 7. Nh3 a6 8. a4 O-O
9. Be2 e5 10. d5 c5 11. Qd2 Ne8 12. Nf2 f5 13. Nd3 f4 14. Bf2 Bf6 15. Kd1 Bh4
16. Bxh4 Qxh4 17. Kc2 Qf6 18. g4 Rf7 19. h4 Nf8 20. g5 Qd8 21. Bf1 Ng7 22. Bh3
Nh5 23. Bxc8 Rxc8 24. Nf2 Ng3 25. Ng4 Nxh1 26. Nh6+ Kg7 27. Nxf7 Kxf7 28. Rxh1
Rc7 29. Qg2 Qd7 30. b3 Ke8 31. Qg1 Kd8 32. Qa1 h6 33. Qg1 Qh7 34. a5 hxg5 35.
Qxg5+ Qe7 36. Qg4 Qd7 37. Qg2 Qh7 38. Na4 Re7 39. Nb6 Nd7 40. Qg5 Kc7 41. Na8+
Kb8 42. Nb6 Kc7 1/2-1/2

[Event "Weekend A Epifania"]
[Site "Torino ITA"]
[Date "2004.01.??"]
[Round "3"]
[White "Banchio, Davide"]
[Black "Giacomasso, Enrico"]
[Result "1/2-1/2"]
[WhiteElo "1747"]
[BlackElo "1903"]
[PlyCount "43"]
[EventDate "2004.01.03"]

1. e4 c5 2. d4 cxd4 3. c3 d3 4. Bxd3 d6 5. Nf3 Nc6 6. c4 Nf6 7. Nc3 e6 8. O-O
Be7 9. Qe2 Qc7 10. Bg5 a6 11. Rfd1 O-O 12. Rac1 Bd7 13. Nd5 Qd8 14. Nxe7+ Qxe7
15. e5 dxe5 16. Nxe5 Rad8 17. Ng4 e5 18. Nxf6+ gxf6 19. Qe4 f5 20. Bxe7 fxe4
21. Bxd8 exd3 22. Bf6 1/2-1/2

[Event "Weekend A Epifania"]
[Site "Torino ITA"]
[Date "2004.01.??"]
[Round "3"]
[White "Berutti, Mario"]
[Black "Vasile, Catalin"]
[Result "0-1"]
[WhiteElo "1789"]
[BlackElo "1612"]
[PlyCount "84"]
[EventDate "2004.01.03"]

1. d4 Nf6 2. f4 c5 3. e3 e6 4. Nf3 d5 5. c3 cxd4 6. exd4 Bd6 7. Bd3 Qc7 8. Ne5
Nc6 9. O-O O-O 10. Nd2 Nd7 11. Qh5 g6 12. Nxg6 fxg6 13. Bxg6 Nf6 14. Qg5 hxg6
15. Qxg6+ Qg7 16. Qd3 Ne7 17. Nf3 Bd7 18. Kh1 Be8 19. Ng5 Bg6 20. Qh3 Bf5 21.
g4 Bxg4 22. Qg2 Ng6 23. Rg1 Rfe8 24. Bd2 Kf8 25. Rae1 Re7 26. h4 Ke8 27. h5 Qh6
28. Qh2 Qxh5 29. Qxh5 Bxh5 30. Nxe6 Kd7 31. Nc5+ Bxc5 32. dxc5 Rxe1 33. Rxe1
Re8 34. Rxe8 Kxe8 35. Kg2 Ne4 36. Be3 Bg4 37. a4 Kd7 38. a5 a6 39. Kf1 Kc6 40.
Ke1 Nxc5 41. Kd2 Nb3+ 42. Kd3 Bf5+ 0-1

[Event "Weekend A Epifania"]
[Site "Torino ITA"]
[Date "2004.01.??"]
[Round "3"]
[White "De Barberis, Massimo"]
[Black "Mazzetta, Renato"]
[Result "1-0"]
[WhiteElo "2102"]
[BlackElo "1624"]
[PlyCount "29"]
[EventDate "2004.01.03"]

1. e4 c5 2. Nf3 e6 3. c3 Nc6 4. d4 cxd4 5. cxd4 d5 6. e5 Bb4+ 7. Nc3 Nge7 8.
Bd3 O-O 9. Bxh7+ Kh8 10. Bc2 Nf5 11. O-O g6 12. Qd2 Be7 13. Bxf5 exf5 14. Qh6+
Kg8 15. Ng5 1-0

[Event "Weekend A Epifania"]
[Site "Torino ITA"]
[Date "2004.01.??"]
[Round "3"]
[White "Fassio, Luca"]
[Black "Bertagia, Roldano"]
[Result "1-0"]
[WhiteElo "2123"]
[BlackElo "1692"]
[PlyCount "87"]
[EventDate "2004.01.03"]

1. e4 g6 2. d4 Bg7 3. c3 d6 4. Nf3 Nf6 5. Bd3 O-O 6. O-O Nbd7 7. e5 dxe5 8.
dxe5 Nd5 9. Re1 N7b6 10. Na3 Bg4 11. h3 Bxf3 12. Qxf3 e6 13. Bd2 Qe7 14. Nc2
Rad8 15. c4 c5 16. cxd5 Rxd5 17. Bf4 f5 18. Qg3 h6 19. h4 Rfd8 20. Bf1 Kh7 21.
Na3 a6 22. b3 Nc8 23. Bc4 R5d7 24. Be2 b5 25. Rad1 Nb6 26. Rxd7 Rxd7 27. Bc1
Rd4 28. f4 Qc7 29. Be3 Rd8 30. Rc1 Bf8 31. h5 Qf7 32. hxg6+ Qxg6 33. Qxg6+ Kxg6
34. Bxc5 Rc8 35. b4 Nd5 36. Rc2 Bxc5+ 37. Rxc5 Rd8 38. Nb1 Nxf4 39. Kf2 Rd4 40.
a3 Re4 41. Nc3 Rd4 42. Ke3 Nxe2 43. Nxe2 Rg4 44. Kf3 1-0

[Event "Weekend A Epifania"]
[Site "Torino ITA"]
[Date "2004.01.??"]
[Round "3"]
[White "Forno, Roberto"]
[Black "Faraoni, Enrico"]
[Result "0-1"]
[WhiteElo "2023"]
[BlackElo "2164"]
[PlyCount "68"]
[EventDate "2004.01.03"]

1. d4 Nf6 2. Nf3 g6 3. c4 Bg7 4. Nc3 O-O 5. Bg5 d6 6. e4 c5 7. Be2 Bg4 8. O-O
Bxf3 9. Bxf3 cxd4 10. Qxd4 Nc6 11. Qd2 Nd7 12. Nd5 Re8 13. h4 Nd4 14. Bd1 Ne5
15. b3 Ne6 16. Rc1 Nxg5 17. hxg5 e6 18. Nc3 Qa5 19. f4 Nc6 20. Bg4 Rad8 21. Qd3
a6 22. Qh3 Nb4 23. a4 d5 24. f5 exf5 25. exf5 Bd4+ 26. Kh1 Re3 27. Bf3 Bxc3 28.
f6 h5 29. g4 dxc4 30. gxh5 Qxg5 31. hxg6 fxg6 32. Rxc3 Rxc3 33. f7+ Kg7 34.
f8=Q+ Rxf8 0-1

[Event "Weekend A Epifania"]
[Site "Torino ITA"]
[Date "2004.01.??"]
[Round "3"]
[White "Profumo, Alberto"]
[Black "Fortino, Fabrizio"]
[Result "0-1"]
[WhiteElo "2242"]
[BlackElo "1786"]
[PlyCount "110"]
[EventDate "2004.01.03"]

1. Nf3 Nf6 2. c4 e6 3. g3 b6 4. Bg2 Bb7 5. O-O Be7 6. Nc3 c5 7. b3 Nc6 8. d4
Nxd4 9. Nxd4 Bxg2 10. Kxg2 cxd4 11. Qxd4 O-O 12. Rd1 Bc5 13. Qd3 h6 14. Bf4 Qe7
15. Bd6 Bxd6 16. Qxd6 Qxd6 17. Rxd6 Rfc8 18. Rad1 Rc7 19. Kf3 Kf8 20. e4 Ke7
21. e5 Ne8 22. Ke3 Rd8 23. f4 f6 24. Ne4 b5 25. cxb5 f5 26. Nf2 Rb7 27. Ra6 Nc7
28. Ra5 Nxb5 29. Rc1 Nc7 30. h4 d6 31. exd6+ Rxd6 32. Nd3 Nd5+ 33. Ke2 a6 34.
Ne5 Nf6 35. Rc6 Ra7 36. Rc8 Rb7 37. Nc4 Rd4 38. Rxa6 Re4+ 39. Kf3 Ng4 40. Rca8
Rxc4 41. bxc4 Rb2 42. Rxe6+ Kxe6 43. Re8+ Kd6 44. Re2 Rxe2 45. Kxe2 Kc5 46. Kd3
Nf2+ 47. Ke3 Nd1+ 48. Kf3 h5 49. a4 Kxc4 50. a5 Kb5 51. Ke2 Nc3+ 52. Ke3 Kxa5
53. Kd4 Ne4 54. g4 hxg4 55. Ke5 g3 0-1

[Event "Weekend A Epifania"]
[Site "Torino ITA"]
[Date "2004.01.??"]
[Round "3"]
[White "Sorcinelli, Francesco"]
[Black "Tratto, Mimmo"]
[Result "1-0"]
[WhiteElo "2065"]
[BlackElo "1785"]
[PlyCount "91"]
[EventDate "2004.01.03"]

1. d4 d5 2. c4 c6 3. Nf3 dxc4 4. e4 b5 5. a4 a6 6. axb5 cxb5 7. b3 Bb7 8. bxc4
Bxe4 9. Nc3 Bb7 10. cxb5 e6 11. bxa6 Bb4 12. Bb2 Bc6 13. Ne5 Ne7 14. a7 Nd7 15.
Nxc6 Nxc6 16. Bb5 Qb6 17. Bxc6 Qxc6 18. Qf3 Qxf3 19. gxf3 Nf6 20. Ke2 O-O 21.
Nb5 Nd5 22. Rhc1 h5 23. Nc7 Nxc7 24. Rxc7 Bd6 25. Rb7 Rfc8 26. Kd3 g6 27. h3
Rc6 28. Ba3 Bc7 29. Rc1 Rxc1 30. Bxc1 Bd6 31. Ba3 Bf4 32. Kc4 g5 33. Kb5 Rc8
34. Ka6 Rc6+ 35. Rb6 Rc8 36. Bd6 Bxd6 37. Rxd6 Kg7 38. Kb7 Re8 39. a8=Q Rxa8
40. Kxa8 Kf6 41. d5 Ke5 42. Rd7 exd5 43. Rxf7 d4 44. Rd7 Kf4 45. Rxd4+ Kxf3 46.
Rd5 1-0

[Event "Weekend A Epifania"]
[Site "Torino ITA"]
[Date "2004.01.??"]
[Round "4"]
[White "Ferrario, Enrico"]
[Black "Forno, Roberto"]
[Result "1-0"]
[WhiteElo "1779"]
[BlackElo "2023"]
[PlyCount "45"]
[EventDate "2004.01.03"]

1. Nf3 Nf6 2. d4 d6 3. Bf4 g6 4. h3 Bg7 5. Nc3 c6 6. e4 O-O 7. e5 Nh5 8. Bh2 f5
9. Be2 b5 10. Ng5 b4 11. Na4 Qa5 12. b3 dxe5 13. Bxh5 exd4 14. Be2 d3 15. Bxd3
f4 16. Bc4+ e6 17. Nf3 Rd8 18. Qc1 Ba6 19. Bxe6+ Kh8 20. Bxf4 Re8 21. Qe3 Bxa1
22. Nc5 Qxa2 23. Be5+ 1-0

[Event "Weekend A Epifania"]
[Site "Torino ITA"]
[Date "2004.01.??"]
[Round "4"]
[White "Fortino, Fabrizio"]
[Black "Gussone, Claudio"]
[Result "1-0"]
[WhiteElo "1786"]
[BlackElo "1704"]
[PlyCount "61"]
[EventDate "2004.01.03"]

1. e4 d6 2. d4 Nf6 3. Nc3 g6 4. f4 Bg7 5. Nf3 O-O 6. e5 dxe5 7. fxe5 Nd5 8. Bc4
Be6 9. Nxd5 Bxd5 10. Bxd5 Qxd5 11. Qe2 c5 12. c4 Qc6 13. d5 Qc7 14. O-O b6 15.
e6 f6 16. Be3 Na6 17. Qd2 Qd8 18. Bh6 Nc7 19. Bxg7 Kxg7 20. Rad1 Ne8 21. Qf4
Qd6 22. Qh4 Qd8 23. g4 Nd6 24. Nd2 Rb8 25. g5 Nf5 26. Rxf5 gxf5 27. Qh6+ Kg8
28. g6 hxg6 29. Qxg6+ Kh8 30. Qh6+ Kg8 31. Kh1 1-0

[Event "Weekend A Epifania"]
[Site "Torino ITA"]
[Date "2004.01.??"]
[Round "4"]
[White "Sorcinelli, Francesco"]
[Black "Fassio, Luca"]
[Result "1-0"]
[WhiteElo "2065"]
[BlackElo "2123"]
[PlyCount "73"]
[EventDate "2004.01.03"]

1. d4 g6 2. c4 Bg7 3. Nc3 d6 4. e4 Nf6 5. Bd3 O-O 6. Nge2 c5 7. d5 e6 8. O-O
exd5 9. cxd5 Nbd7 10. f4 a6 11. a4 Rb8 12. Ng3 Qc7 13. Qe2 Re8 14. Be3 Qa5 15.
Kh1 Qd8 16. e5 dxe5 17. f5 Rf8 18. Bg5 Qb6 19. a5 Qd6 20. fxg6 fxg6 21. Nge4
Qe7 22. Bc4 Kh8 23. Rf3 b5 24. axb6 Rxb6 25. Raf1 Qe8 26. d6 Nxe4 27. Nxe4 Bb7
28. Rxf8+ Nxf8 29. Nxc5 e4 30. Rxf8+ Qxf8 31. Be7 Qe8 32. Nxb7 Rxb2 33. Qxb2
Bxb2 34. Nc5 e3 35. Kg1 Bd4 36. Kf1 Bxc5 37. Bf6# 1-0

[Event "Weekend A Epifania"]
[Site "Torino ITA"]
[Date "2004.01.??"]
[Round "5"]
[White "Catana, Costel"]
[Black "Tratto, Mimmo"]
[Result "0-1"]
[WhiteElo "1897"]
[BlackElo "1785"]
[PlyCount "68"]
[EventDate "2004.01.03"]

1. e4 c5 2. Nf3 a6 3. d4 cxd4 4. Nxd4 Nf6 5. Nc3 e5 6. Nb3 Bb4 7. Bd2 O-O 8.
Bd3 Bxc3 9. Bxc3 d5 10. exd5 Nxd5 11. Bd2 Nc6 12. Qh5 f5 13. Bg5 Qc7 14. a3 Be6
15. Rd1 b5 16. O-O e4 17. Be2 Bf7 18. Qh4 f4 19. Bg4 Qe5 20. Nc5 Ra7 21. Nd7
Rxd7 22. Bxd7 Nd4 23. Rfe1 Nxc2 24. Re2 Nd4 25. Red2 Nb3 26. Rc2 h6 27. Bxh6
gxh6 28. Qxh6 Qg7 29. Qh3 Nd4 30. Rc5 Rd8 31. Bg4 e3 32. fxe3 Nxe3 33. Qh4 Ne2+
34. Bxe2 Qxg2# 0-1

[Event "Weekend A Epifania"]
[Site "Torino ITA"]
[Date "2004.01.??"]
[Round "5"]
[White "De Barberis, Massimo"]
[Black "Sorcinelli, Francesco"]
[Result "0-1"]
[WhiteElo "2102"]
[BlackElo "2065"]
[PlyCount "58"]
[EventDate "2004.01.03"]

1. e4 g6 2. d4 Bg7 3. Nc3 d6 4. Be3 a6 5. Qd2 b5 6. Nf3 Bb7 7. Bd3 Nd7 8. Ne2
c5 9. c3 Ngf6 10. Ng3 O-O 11. O-O Ng4 12. Bg5 h6 13. h3 hxg5 14. hxg4 e5 15. d5
f6 16. c4 Qb6 17. b3 b4 18. Ne2 a5 19. g3 a4 20. Kg2 Qd8 21. a3 axb3 22. axb4
cxb4 23. Qxb4 Nc5 24. Qc3 f5 25. Nd2 Rxa1 26. Rxa1 Qb6 27. gxf5 gxf5 28. Rb1
fxe4 29. Bxe4 Rxf2+ 0-1

[Event "Weekend A Epifania"]
[Site "Torino ITA"]
[Date "2004.01.??"]
[Round "5"]
[White "Fassio, Luca"]
[Black "Vozza, Nicola"]
[Result "1-0"]
[WhiteElo "2123"]
[BlackElo "1807"]
[PlyCount "55"]
[EventDate "2004.01.03"]

1. e4 e5 2. Nf3 Nc6 3. Bc4 Nf6 4. Ng5 d5 5. exd5 b5 6. Bxb5 Qxd5 7. Bxc6+ Qxc6
8. O-O Bb7 9. Nf3 g5 10. d3 g4 11. Ne1 Rg8 12. Nc3 O-O-O 13. Qe2 Bb4 14. Bd2 h5
15. a3 Bxc3 16. Bxc3 Nd5 17. Bd2 Nf4 18. Bxf4 exf4 19. f3 Rde8 20. Qf2 Re3 21.
Qh4 gxf3 22. Rf2 Qb6 23. Qxf4 Rxe1+ 24. Rxe1 Rxg2+ 25. Kh1 Rxf2 26. Re8+ Kd7
27. Qxf7+ Kc6 28. Qe6+ 1-0

[Event "Weekend A Epifania"]
[Site "Torino ITA"]
[Date "2004.01.??"]
[Round "5"]
[White "Fortino, Fabrizio"]
[Black "Faraoni, Enrico"]
[Result "0-1"]
[WhiteElo "1786"]
[BlackElo "2164"]
[PlyCount "43"]
[EventDate "2004.01.03"]

1. e4 c5 2. c3 e6 3. d4 d5 4. exd5 exd5 5. dxc5 Bxc5 6. Nf3 Ne7 7. Bf4 O-O 8.
Bd3 Ng6 9. Bg3 Re8+ 10. Be2 Qe7 11. h3 Nc6 12. Nbd2 d4 13. Nb3 d3 14. Qxd3 Bf5
15. Qc4 Bb6 16. Rd1 Rac8 17. Bd6 Qf6 18. Rd2 Nd4 19. Bc5 Nxf3+ 20. gxf3 Ne5 21.
Qd5 Bxc5 22. Nxc5 0-1

[Event "Weekend A Epifania"]
[Site "Torino ITA"]
[Date "2004.01.??"]
[Round "5"]
[White "Martuscelli, Ivan"]
[Black "Di Blasi, Erica"]
[Result "0-1"]
[WhiteElo "1494"]
[BlackElo "1500"]
[PlyCount "76"]
[EventDate "2004.01.03"]

1. Nf3 Nc6 2. d4 d5 3. Bf4 Bf5 4. a3 Nf6 5. Nc3 a6 6. g3 e6 7. Bg2 Bd6 8. Bxd6
Qxd6 9. Nh4 Bg6 10. Nxg6 hxg6 11. Qd3 O-O-O 12. O-O-O Ng4 13. Qf3 f5 14. h3 Nf6
15. e3 Na5 16. g4 Qb6 17. b3 Qc6 18. Rd3 Ne4 19. Na2 Qd6 20. b4 Nc4 21. Qe2 Qc6
22. Bxe4 fxe4 23. Rc3 Qa4 24. Rxc4 dxc4 25. Qxc4 Qxa3+ 26. Kb1 Rd6 27. d5 exd5
28. Qd4 Rg8 29. c4 dxc4 30. Qxc4 Rgd8 31. Rc1 Qd3+ 32. Qxd3 Rxd3 33. Rh1 Rd2
34. Rh2 Rd1+ 35. Kc2 R8d2+ 36. Kb3 Rb1+ 37. Ka3 Rd3+ 38. Ka4 b5+ 0-1

[Event "Weekend A Epifania"]
[Site "Torino ITA"]
[Date "2004.01.??"]
[Round "5"]
[White "Ratti, Marco"]
[Black "Ferrario, Enrico"]
[Result "1-0"]
[WhiteElo "1855"]
[BlackElo "1779"]
[PlyCount "47"]
[EventDate "2004.01.03"]

1. d4 Nf6 2. c4 g6 3. Nc3 Bg7 4. e4 d6 5. Be2 O-O 6. f4 c5 7. d5 e6 8. Nf3 exd5
9. e5 dxe5 10. fxe5 Ng4 11. Bg5 f6 12. exf6 Bxf6 13. Bxf6 Qxf6 14. Nxd5 Qxb2
15. O-O Nc6 16. h3 Nge5 17. Rb1 Nxf3+ 18. Bxf3 Qd4+ 19. Qxd4 cxd4 20. Nc7 Bf5
21. Rxb7 Ne5 22. Bd5+ Kh8 23. Nxa8 Rxa8 24. Re7 1-0

[Event "Weekend A Epifania"]
[Site "Torino ITA"]
[Date "2004.01.??"]
[Round "6"]
[White "Ferrario, Enrico"]
[Black "Catana, Costel"]
[Result "0-1"]
[WhiteElo "1779"]
[BlackElo "1897"]
[PlyCount "46"]
[EventDate "2004.01.03"]

1. d4 d5 2. Bf4 Bf5 3. Nf3 e6 4. e3 h6 5. h3 Nd7 6. Nbd2 Bd6 7. Bxd6 cxd6 8. c4
dxc4 9. e4 Bg6 10. Bxc4 Ne7 11. Qb3 Rb8 12. O-O a6 13. Nh4 Nb6 14. Be2 Bh7 15.
f4 O-O 16. f5 Nc6 17. fxe6 Nxd4 18. exf7+ Kh8 19. Qe3 Nxe2+ 20. Qxe2 Qxh4 21.
Qe3 Nd7 22. Rf4 Qe7 23. Raf1 Ne5 0-1

[Event "Weekend A Epifania"]
[Site "Torino ITA"]
[Date "2004.01.??"]
[Round "6"]
[White "Giacomasso, Enrico"]
[Black "Fassio, Luca"]
[Result "1/2-1/2"]
[WhiteElo "1903"]
[BlackElo "2123"]
[PlyCount "56"]
[EventDate "2004.01.03"]

1. e4 g6 2. d4 Bg7 3. Nf3 d6 4. Bd3 Nf6 5. O-O O-O 6. Re1 c5 7. c3 cxd4 8. cxd4
Bg4 9. Nc3 Nc6 10. Be3 e5 11. d5 Ne7 12. h3 Bxf3 13. Qxf3 Ne8 14. Qd1 f5 15. f3
f4 16. Bf2 g5 17. Qb3 b6 18. Rac1 h5 19. Nb5 a6 20. Nc7 Nxc7 21. Bxb6 g4 22.
Bxc7 Qd7 23. hxg4 hxg4 24. Kf2 Bf6 25. Rh1 Ra7 26. Qb6 Nc8 27. Qc6 Qg7 28. Rhg1
Qh6 1/2-1/2

[Event "Weekend A Epifania"]
[Site "Torino ITA"]
[Date "2004.01.??"]
[Round "6"]
[White "Gussone, Claudio"]
[Black "De Barberis, Massimo"]
[Result "0-1"]
[WhiteElo "1704"]
[BlackElo "2102"]
[PlyCount "86"]
[EventDate "2004.01.03"]

1. Nf3 Nf6 2. g3 b5 3. Bg2 Bb7 4. O-O e6 5. d3 c5 6. c4 bxc4 7. dxc4 Be7 8. Nc3
O-O 9. Bf4 Qb6 10. Qd2 d6 11. Rfd1 Rd8 12. b3 Nc6 13. Rab1 Rac8 14. a3 d5 15.
cxd5 Nxd5 16. Na4 Qa6 17. Bf1 Nxf4 18. Qxf4 Qa5 19. Nd2 Rd4 20. Nc4 Qd8 21.
Rxd4 Nxd4 22. Nc3 h6 23. Ne5 Bf6 24. Ng4 Nf3+ 25. exf3 Bxc3 26. Be2 Qd5 27. Ne3
Qc6 28. Rd1 Bd4 29. Nc4 Qc7 30. Qd6 Bd5 31. Qxc7 Rxc7 32. Kg2 g6 33. h4 Kg7 34.
Rd3 Kf6 35. Nd6 Rc6 36. Nc4 Ra6 37. a4 Bxc4 38. bxc4 Rxa4 39. Rd2 Ra1 40. f4 a5
41. Bd1 a4 42. Kg1 Rxd1+ 43. Rxd1 a3 0-1

[Event "Weekend A Epifania"]
[Site "Torino ITA"]
[Date "2004.01.??"]
[Round "6"]
[White "Martin, Tiziano"]
[Black "Ratti, Marco"]
[Result "1-0"]
[WhiteElo "1882"]
[BlackElo "1855"]
[PlyCount "61"]
[EventDate "2004.01.03"]

1. e4 Nf6 2. d3 d5 3. Nd2 c5 4. Ngf3 Nc6 5. Be2 Bg4 6. O-O e6 7. Ne1 Bxe2 8.
Qxe2 Be7 9. c3 Qc7 10. Nc2 h5 11. f4 O-O-O 12. Nf3 Ne8 13. Bd2 dxe4 14. dxe4
Kb8 15. Na3 Nd6 16. Ne5 Bf6 17. Nxc6+ Qxc6 18. e5 Bxe5 19. fxe5 Nf5 20. Bg5
Rdg8 21. Rad1 f6 22. Bc1 h4 23. Nb5 a6 24. Nd6 Ne7 25. Qf3 Qxf3 26. Rxf3 f5 27.
Nf7 Rh7 28. Rd8+ Rxd8 29. Nxd8 Ng6 30. Nxe6 Nxe5 31. Bf4 1-0

[Event "Weekend A Epifania"]
[Site "Torino ITA"]
[Date "2004.01.??"]
[Round "6"]
[White "Raviola, Giuseppe"]
[Black "Fortino, Fabrizio"]
[Result "1-0"]
[WhiteElo "2092"]
[BlackElo "1786"]
[PlyCount "69"]
[EventDate "2004.01.03"]

1. e4 c5 2. Nf3 Nc6 3. d4 cxd4 4. Nxd4 Nf6 5. Nc3 e5 6. Ndb5 d6 7. Bg5 a6 8.
Bxf6 gxf6 9. Na3 b5 10. Nd5 f5 11. exf5 Bxf5 12. c3 Bg7 13. Be2 O-O 14. Qd2 Be6
15. Rd1 Ra7 16. Bf3 Rd7 17. Nc2 f5 18. Nf6+ Qxf6 19. Bxc6 Rdd8 20. Bd5 Kh8 21.
Bxe6 Qxe6 22. Qd5 Qg6 23. f4 Rde8 24. O-O Re6 25. Rde1 Rfe8 26. Rf3 Qg4 27.
Ref1 Rh6 28. Ne3 Qh5 29. Rh3 Qg6 30. Rg3 Qh5 31. h3 exf4 32. Rxf4 Be5 33. Rxf5
Qe2 34. Rxe5 dxe5 35. Qf7 1-0

[Event "Weekend A Epifania"]
[Site "Torino ITA"]
[Date "2004.01.??"]
[Round "6"]
[White "Tratto, Mimmo"]
[Black "Banchio, Davide"]
[Result "1-0"]
[WhiteElo "1785"]
[BlackElo "1747"]
[PlyCount "65"]
[EventDate "2004.01.03"]

1. e4 e6 2. d4 d5 3. Nd2 Nf6 4. e5 Nfd7 5. Bd3 c5 6. c3 Nc6 7. Ne2 cxd4 8. cxd4
f6 9. f4 fxe5 10. fxe5 Nxd4 11. O-O Qb6 12. Kh1 Nxe5 13. Bb1 Bd7 14. Nb3 Nxb3
15. axb3 O-O-O 16. Nc3 Bd6 17. Bf4 h6 18. Qe2 Rhf8 19. Bc2 Nf7 20. Be3 d4 21.
Bf2 Ng5 22. h4 e5 23. Qc4+ Kb8 24. hxg5 hxg5 25. Be4 Rh8+ 26. Kg1 Bc5 27. Na4
Qh6 28. Bg3 Qh1+ 29. Kf2 Rhf8+ 30. Bf3 Rxf3+ 31. gxf3 Qh5 32. Qxc5 Bc6 33.
Qxe5+ 1-0

[Event "Weekend A Epifania"]
[Site "Torino ITA"]
[Date "2004.01.??"]
[Round "6"]
[White "Vozza, Nicola"]
[Black "Forno, Roberto"]
[Result "1-0"]
[WhiteElo "1807"]
[BlackElo "2023"]
[PlyCount "91"]
[EventDate "2004.01.03"]

1. d4 d5 2. e3 Nf6 3. Bd3 Nc6 4. f4 Bg4 5. Nf3 e6 6. c3 Ne4 7. O-O Be7 8. Qc2
O-O 9. Nbd2 f5 10. h3 Bxf3 11. Rxf3 Bh4 12. Nf1 Qe8 13. Bd2 g5 14. g4 h5 15.
Be1 hxg4 16. Bxh4 gxh4 17. hxg4 fxg4 18. Bxe4 gxf3 19. Bxf3 Kh8 20. Qh2 Qg6+
21. Kh1 Rf7 22. Re1 Rg8 23. e4 Rxf4 24. Nd2 Qg3 25. Qxg3 Rxg3 26. exd5 exd5 27.
Bxd5 Rfg4 28. Kh2 Kg7 29. Re2 Kf8 30. Ne4 Rg1 31. Nf6 Rg6 32. Re8+ Kg7 33. Nh5+
Kh6 34. Rh8+ Kg5 35. Kxg1 b6 36. Bf7 Rd6 37. Rg8+ Kf5 38. d5 Ne7 39. Be6+ Ke4
40. Rg4+ Ke5 41. c4 c6 42. Rg7 cxd5 43. Rxe7 Rxe6 44. Rxe6+ Kxe6 45. Nf4+ Ke5
46. cxd5 1-0

[Event "Weekend A"]
[Site "Bari ITA"]
[Date "2004.01.17"]
[Round "1"]
[White "Beqiraj, Ismail"]
[Black "Vespe, Francesco"]
[Result "1/2-1/2"]
[WhiteElo "1600"]
[BlackElo "1867"]
[PlyCount "106"]
[EventDate "2004.01.17"]

1. Nf3 d5 2. d4 Nf6 3. e3 Bg4 4. Be2 e6 5. O-O Bd6 6. Nbd2 O-O 7. c4 c6 8. a3
a5 9. b3 Nbd7 10. Bb2 Ne4 11. Nxe4 dxe4 12. Ne5 Bxe2 13. Qxe2 Bxe5 14. dxe5 Qg5
15. Qc2 Nc5 16. b4 Nd3 17. Bc3 b5 18. bxa5 Nxe5 19. Qxe4 Nxc4 20. Qxc6 Nxe3 21.
Bd2 Qd5 22. Qxd5 Nxd5 23. Rfc1 Rfc8 24. Kf1 Kf8 25. Rab1 Rxc1+ 26. Rxc1 Ke8 27.
Rc5 Rb8 28. Bb4 Kd7 29. Ke2 Nc7 30. f4 Na6 31. Rc3 Rc8 32. Rxc8 Kxc8 33. Bf8 g6
34. Kd3 Kd7 35. Kd4 f6 36. g3 Ke8 37. Bb4 h6 38. g4 g5 39. f5 exf5 40. gxf5 h5
41. Bd6 h4 42. h3 Kd7 43. Bh2 Kc6 44. Bg1 Nc5 45. Kc3 Ne4+ 46. Kd3 Ng3 47. Bd4
Nh5 48. Ke3 Ng3 49. Bxf6 Nxf5+ 50. Kf3 Kb7 51. Kg4 Nd6 52. Bxg5 Ka6 53. Bd2
53... Ne4 {...} 1/2-1/2